[Event "Saratov Winter Cup-A"]
[Site "Saratov"]
[Date "2012.01.17"]
[Round "6"]
[White "Dvoryadkin, Maksim"]
[Black "Izbosarov, Marat"]
[Result "1/2-1/2"]
[WhiteElo "1993"]
[BlackElo "1970"]
[PlyCount "145"]
[EventDate "2012.01.12"]
[EventType "swiss"]
[EventRounds "9"]
[EventCountry "RUS"]
[SourceTitle "EXT 2014"]
[Source "ChessBase"]
[SourceDate "2013.11.20"]
[SourceVersion "1"]
[SourceVersionDate "2013.11.20"]
[SourceQuality "1"]

1. e4 c5 2. Nf3 d6 3. d4 cxd4 4. Nxd4 Nf6 5. Nc3 a6 6. Be3 e5 7. Nb3 Be6 8. Be2 Nbd7 9. 0-0 Rc8 10. Qd2 Be7 11. f4 exf4 12. Bxf4 0-0 13. Rad1 Ne5 14. Kh1 Qb6 15. Qd4 Qc7 16. Rd2 Rfe8 17. Qe3 Nfd7 18. Nd4 Qb6 19. Nxe6 fxe6 20. Qxb6 Nxb6 21. Nd1 g6 22. Ne3 h5 23. c3 Nf7 24. Bd3 Kg7 25. h3 Rc6 26. Rdf2 Rf8 27. g4 g5 28. Bg3 h4 29. Bh2 Nh8 30. Rxf8 Bxf8 31. Nc2 Rc8 32. Nd4 Re8 33. Bg1 Na4 34. b3 Nc5 35. Bc2 Nf7 36. b4 Nd7 37. Bb3 Nd8 38. Be3 Kg6 39. Bc2 Ne5 40. Nf3 Nxf3 41. Rxf3 e5 42. Bb3 Be7 43. Bb6 Bf6 44. Rd3 Be7 45. Bc7 Nf7 46. Bxf7+ Kxf7 47. Bxd6 Rd8 48. Rf3+ Ke6 49. Bxe7 Kxe7 50. Rf5 Ke6 51. Rxg5 Rd3 52. Rg6+ Kd7 53. Rg7+ Kc6 54. g5 Rxh3+ 55. Kg2 Rxc3 56. g6 Rg3+ 57. Kf2 Rg4 58. Rg8 Kb5 59. a3 Ka4 60. Rb8 Rxg6 61. Rxb7 Kxa3 62. b5 a5 63. Re7 a4 64. Rxe5 Rh6 65. Kg2 h3+ 66. Kh2 Kb4 67. Re8 Kxb5 68. e5 Kc6 69. e6 Rh4 70. Ra8 Re4 71. e7 Kd7 72. e8Q+ Rxe8 73. Rxa4 1/2-1/2

[Event "Saratov Winter Cup-A"]
[Site "Saratov"]
[Date "2012.01.14"]
[Round "3"]
[White "Dvoryadkin, Maksim"]
[Black "Petukhov, Dmitry"]
[Result "0-1"]
[WhiteElo "1993"]
[BlackElo "2332"]
[PlyCount "220"]
[EventDate "2012.01.12"]
[EventType "swiss"]
[EventRounds "9"]
[EventCountry "RUS"]
[SourceTitle "EXT 2014"]
[Source "ChessBase"]
[SourceDate "2013.11.20"]
[SourceVersion "1"]
[SourceVersionDate "2013.11.20"]
[SourceQuality "1"]

1. d4 Nf6 2. Nc3 d5 3. Bg5 c6 4. Qd3 Qb6 5. 0-0-0 e6 6. e4 dxe4 7. Nxe4 Nxe4 8. Qxe4 Qa5 9. Qe5 Qxe5 10. dxe5 Nd7 11. Nf3 h6 12. Be3 b6 13. Be2 Bb7 14. Rd2 0-0-0 15. Rhd1 Be7 16. c3 g5 17. h3 Rhg8 18. Kc2 Kc7 19. b3 a6 20. a4 c5 21. Kb2 h5 22. g4 hxg4 23. hxg4 Bxf3 24. Bxf3 Nxe5 25. Rxd8 Rxd8 26. Rxd8 Bxd8 27. Be2 Kb7 28. f4 gxf4 29. Bxf4 Ng6 30. Bf3+ Kc8 31. Be3 Be7 32. Be2 a5 33. b4 axb4 34. cxb4 Kc7 35. a5 bxa5 36. bxc5 Kc6 37. Bf3+ Kb5 38. Be2+ Kb4 39. Bd2+ Kxc5 40. Bxa5 Nf4 41. Bf3 Kd4 42. Bd2 Nd3+ 43. Kc2 e5 44. Be2 e4 45. Bh6 Bd6 46. Kd1 Be5 47. Bg5 Bc7 48. Bh6 Bd8 49. Kd2 Ba5+ 50. Kd1 Ke5 51. Be3 Bd8 52. Kd2 Nb4 53. Bc4 Nd5 54. Ke2 Bh4 55. Bb3 f6 56. Bc1 Nc3+ 57. Kd2 Nb5 58. Bb2+ Kf4 59. Be6 Kf3 60. Bd5 Nc7 61. Bc6 Ne6 62. Kc3 Nf4 63. Kd4 Ne2+ 64. Kc4 Kf4 65. Ba3 Bg5 66. Bd6+ Kf3 67. Bc5 Ng3 68. Bd7 e3 69. Kd3 e2 70. Bb4 Kf2 71. Bb5 e1Q 72. Bxe1+ Kxe1 73. Bd7 Kf2 74. Kd4 Kf3 75. Kd5 Kf4 76. Bc8 Nf1 77. Kd4 Nh2 78. Kd3 Nxg4 79. Ke2 Ne5 80. Be6 Ng6 81. Bd7 Ke4 82. Bc8 Nf4+ 83. Kf2 Bh4+ 84. Kf1 Ke5 85. Bg4 f5 86. Bxf5 Kxf5 87. Kg1 Kg4 88. Kh2 Bg3+ 89. Kg1 Kf3 90. Kh1 Nd3 91. Kg1 Nf2 92. Kf1 Bh2 93. Ke1 Bf4 94. Kf1 Nh3 95. Ke1 Be3 96. Kf1 Nf4 97. Ke1 Ne2 98. Kf1 Ng3+ 99. Ke1 Ke4 100. Kd1 Kd3 101. Ke1 Bd4 102. Kd1 Bc3 103. Kc1 Nf5 104. Kb1 Kc4 105. Kc2 Ne3+ 106. Kb1 Kb3 107. Kc1 Bb4 108. Kb1 Ba3 109. Ka1 Nc4 110. Kb1 Nd2+ 0-1

[Event "Saratov Autumn Cup High School Property"]
[Site "Saratov"]
[Date "2011.10.17"]
[Round "9.3"]
[White "Dvoryadkin, Maksim"]
[Black "Gagarkine, Nikolay"]
[Result "1/2-1/2"]
[WhiteElo "1949"]
[BlackElo "1927"]
[PlyCount "92"]
[EventDate "2011.10.07"]
[EventType "swiss"]
[EventRounds "9"]
[EventCountry "RUS"]
[SourceTitle "EXT 2022"]
[Source "ChessBase"]
[SourceDate "2021.10.06"]
[SourceVersion "1"]
[SourceVersionDate "2021.10.06"]
[SourceQuality "1"]

1. d4 g6 2. c4 f6 3. Nc3 Nh6 4. e4 Nf7 5. f4 d6 6. Nf3 c6 7. Bd3 Bg7 8. 0-0 0-0 9. Kh1 e5 10. fxe5 fxe5 11. d5 c5 12. Be3 Nd7 13. Qd2 h6 14. Ne2 Kh7 15. b4 cxb4 16. Qxb4 b6 17. a4 Nc5 18. Bxc5 dxc5 19. Qc3 Bg4 20. Ng3 Bxf3 21. Rxf3 Ng5 22. Rxf8 Qxf8 23. Rf1 Qe8 24. a5 Nf7 25. h3 Nd6 26. Rb1 Rb8 27. axb6 Rxb6 28. Rxb6 axb6 29. Qb3 Qd8 30. Ne2 h5 31. Ng1 Bh6 32. Nf3 Bf4 33. Qa4 g5 34. Qa7+ Kh6 35. g4 hxg4 36. hxg4 Kg6 37. Kg2 Nf7 38. Qb7 Kg7 39. Qc6 Qf6 40. Qc7 Qd6 41. Qb7 Qf6 42. Bc2 Qg6 43. Qd7 Qd6 44. Qb7 Qg6 45. Bb1 Kg8 46. Bc2 Kg7 1/2-1/2

[Event "Saratov Autumn Cup High School Property"]
[Site "Saratov"]
[Date "2011.10.10"]
[Round "3.6"]
[White "Fedukin, Alexandre"]
[Black "Dvoryadkin, Maksim"]
[Result "0-1"]
[WhiteElo "1859"]
[BlackElo "1949"]
[PlyCount "58"]
[EventDate "2011.10.07"]
[EventType "swiss"]
[EventRounds "9"]
[EventCountry "RUS"]
[SourceTitle "EXT 2022"]
[Source "ChessBase"]
[SourceDate "2021.10.06"]
[SourceVersion "1"]
[SourceVersionDate "2021.10.06"]
[SourceQuality "1"]

1. c4 c6 2. Nc3 d5 3. cxd5 cxd5 4. d4 Nf6 5. Bf4 Nc6 6. e3 a6 7. Bd3 Bg4 8. f3 Bd7 9. Nge2 e6 10. Bg5 h6 11. Bh4 g5 12. Bf2 Rc8 13. 0-0 h5 14. e4 dxe4 15. fxe4 Ng4 16. Qd2 Nxf2 17. Rxf2 Bh6 18. g4 hxg4 19. Raf1 g3 20. Rxf7 g4 21. e5 Bxd2 22. Bg6 Be3+ 23. R7f2+ Ke7 24. hxg3 Nxd4 25. Kg2 Bc6+ 26. Ne4 Bxf2 27. Rxf2 Nf3 28. N4c3 Rh2+ 29. Kf1 Bb5 0-1

[Event "Saratov 08"]
[Site "Saratov"]
[Date "2011.08.20"]
[Round "7"]
[White "Dvoryadkin, Maksim"]
[Black "Bolychevsky, Alexander"]
[Result "1/2-1/2"]
[WhiteElo "1918"]
[BlackElo "1825"]
[PlyCount "69"]
[EventDate "2011.08.14"]
[EventType "tourn"]
[EventRounds "11"]
[EventCountry "RUS"]
[SourceTitle "CBM 144 Extra"]
[Source "ChessBase"]
[SourceDate "2011.10.28"]
[SourceVersion "1"]
[SourceVersionDate "2011.10.28"]
[SourceQuality "1"]

1. e4 e6 2. b3 d5 3. Bb2 dxe4 4. Nc3 Be7 5. Nxe4 Nf6 6. Ng3 Bd7 7. Nf3 c5 8. Ne5 Nc6 9. Nxd7 Qxd7 10. Bd3 0-0 11. 0-0 Rfd8 12. a3 Nd4 13. Ne4 Nxe4 14. Bxe4 f5 15. Bf3 Bf6 16. Bxd4 Qxd4 17. Qe2 Qxd2 18. Qxe6+ Kh8 19. Rad1 Qxc2 20. Rxd8+ Rxd8 21. Bxb7 h6 22. Bd5 Bd4 23. g4 Bxf2+ 24. Rxf2 Qd1+ 25. Rf1 Qd4+ 26. Kg2 Rxd5 27. gxf5 Qg4+ 28. Kh1 Rd2 29. Qe8+ Kh7 30. Qg6+ Qxg6 31. fxg6+ Kxg6 32. Rc1 Rd5 33. b4 cxb4 34. axb4 Rb5 35. Rc7 1/2-1/2

[Event "Saratov 08"]
[Site "Saratov"]
[Date "2011.08.18"]
[Round "5"]
[White "Dvoryadkin, Maksim"]
[Black "Nurdinov, Iliya"]
[Result "1-0"]
[WhiteElo "1918"]
[BlackElo "1802"]
[PlyCount "107"]
[EventDate "2011.08.14"]
[EventType "tourn"]
[EventRounds "11"]
[EventCountry "RUS"]
[SourceTitle "CBM 144 Extra"]
[Source "ChessBase"]
[SourceDate "2011.10.28"]
[SourceVersion "1"]
[SourceVersionDate "2011.10.28"]
[SourceQuality "1"]

1. d4 Nf6 2. c4 c5 3. d5 b5 4. cxb5 a6 5. Nc3 axb5 6. Nxb5 Ba6 7. Nc3 g6 8. g3 d6 9. Bg2 Bg7 10. Nf3 0-0 11. 0-0 Nbd7 12. Rb1 Qc7 13. Re1 Rfb8 14. Bg5 h6 15. Bf4 Kh7 16. h3 Nb6 17. e4 Nfd7 18. Qc1 Bd3 19. Ra1 Nc4 20. b3 Na3 21. Qd2 Ba6 22. Bf1 Bxf1 23. Rxf1 Nb5 24. Nxb5 Rxb5 25. Rab1 Qa7 26. a4 Rb4 27. Qc2 Rb7 28. Nd2 Qb8 29. Nc4 Nb6 30. Bd2 Rba7 31. a5 Nxc4 32. bxc4 Qc8 33. Rb6 Qxh3 34. Rfb1 Bd4 35. Qd3 h5 36. Qf3 Kg7 37. Qf4 Rh8 38. Rb8 Be5 39. Bc3 f6 40. Bxe5 dxe5 41. Qd2 Rxb8 42. Rxb8 h4 43. Qe1 hxg3 44. fxg3 Qd7 45. Rb5 Rb7 46. Qe2 Ra7 47. Kg2 Qc7 48. Qd2 Qc8 49. Qe3 Rc7 50. Rb6 Ra7 51. Rc6 Qd8 52. a6 Qa5 53. Qxc5 Qd2+ 54. Qf2 1-0